| 000 | 02623nam a2200361 i 4500 | ||
|---|---|---|---|
| 001 | 768714001 | ||
| 003 | CO-MdFUSB | ||
| 005 | 20240626095716.0 | ||
| 007 | ta | ||
| 008 | 230417t2000 -usah||f |||| 00| 0 eng d | ||
| 020 | _a0312157894 | ||
| 020 | _a0312157886 | ||
| 040 |
_aCO-MdFUSB _bspa _cCO-MdFUSB _dCO-MdFUSBC _erda |
||
| 041 | _aeng | ||
| 082 |
_223 _a909 _bR362w |
||
| 100 |
_aReilly, Kevin _eautor |
||
| 245 | 1 |
_aWorlds of history _b: a comparative reader _c/ Kevin Reilly |
|
| 264 | 1 |
_aBoston, Massachusetts; _bBedford/St. Martin's, _c2000 |
|
| 264 | 4 | _c©2000 | |
| 300 |
_a2 volúmenes _c; 24 cm |
||
| 336 |
_2rdacontent _atexto _btxt |
||
| 337 |
_2rdamedia _asin mediación _bn |
||
| 338 |
_2rdacarrier _avolumen _bnc |
||
| 504 | _aIncluye notas | ||
| 505 |
_tVol. 1: A 1550: _aOrígenes e historia -- Las mujeres y los orígenes del patriarcado -- La revolución urbana y la civilización -- Identidad en castas versus sociedades territoriales -- Imperio y burocracia: burocracia, ley e individualidad -- Tribal a religión universal -- Misioneros, monasterios, y conversiones -- Civilizaciones medievales -- Amor y matrimonio -- La primera cruzada -- Tecnología, ecología y ciencia -- Bárbaros y mongoles -- Ciudades: contraste y convergencia -- La conquista española de México |
||
| 505 |
_tVol. 2: Desde 1400: _a Expansión en el extranjero a principios del período moderno: China y Europa, 1400-1600. -- Encuentros con el mundo atlántico: europeos, americanos y africanos, 1500-1750. -- Estado y religión: estados asiáticos, islámicos y cristianos, 1500-1800. -- Género y familia: China, Sudeste Asiático, Europa y "Nueva España", 1600-1750. -- La revolución científica: Europa, el Imperio Otomano, China, Japón y las Américas, 1600-1800. -- Ilustración y revolución: Europa y América, 1650-1850. -- El capitalismo y la revolución industrial: Europa y el mundo, 1750-1900. -- . Colonizados y colonizadores: europeos en África y Asia, 1850-1930. -- Nacionalismo y occidentalización: Japón, India y las Américas, 1880-1930. -- a Primera Guerra Mundial y sus consecuencias: Europa y la Unión Soviética, 1914-1920. -- Segunda Guerra Mundial y genocidio: Europa, Japón, China, Ruanda y Guatemala, 1931-1994. -- Religión y política: Israel, Palestina y Occidente, 1896 al presente. -- Mundo de mujeres: 1950 a la actualidad. -- Globalización y salud planetaria: 1960 a la actualidad. |
||
| 563 | _aRústico | ||
| 650 | 7 |
_2embne _97023 _aHistoria antigua |
|
| 650 | 7 |
_2embne _96976 _aHistoria universal |
|
| 942 | _cBK | ||
| 945 | _aAF | ||
| 999 |
_c68721 _d68721 |
||